The Supply chain differentiation guide : a roadmap to operational excellence.
| Other Authors: | , , |
|---|---|
| Format: | Book |
| Published: |
Berlin:
Springer,
2012.
|
| Subjects: |
| LEADER | 00541cam a2200181 7i4500 | ||
|---|---|---|---|
| 001 | 0000030607 | ||
| 005 | 20140205090000.0 | ||
| 020 | 0 | 0 | |a 9783642319358 |
| 090 | 0 | 0 | |a B 658.7 |b SUP |
| 245 | 0 | 4 | |a The Supply chain differentiation guide : |b a roadmap to operational excellence. |
| 260 | 0 | 0 | |a Berlin: |b Springer, |c 2012. |
| 300 | # | # | |a 1207 p. |
| 650 | 0 | 0 | |a Business logistics |
| 650 | 0 | 0 | |a Market segmentation |
| 700 | 1 | 0 | |a Hofmann, |h Erik |
| 700 | 1 | 0 | |a Beck, |h Patrick |
| 700 | 1 | 0 | |a Fuger, |h Erik |
| 999 | |a B000033858 |b Book |c Book |e Business Information Centre | ||


